000 00499nam a2200181Ia 4500
005 20230529093330.0
008 131103s9999 xx 000 0 und d
040 _aLoreto College
041 _aEnglish
082 _a820(I)
_bMAC
100 _aMcCutchion,David
245 _aIndian writing in english
_b critical essays
_cDavid McCutchion
260 _aCalcutta
_bWriters Workshop Books
_c1997
300 _a124 p.
650 _aEnglish literature - Criticism
850 _aLCLIB
942 _cBK
999 _c20858
_d71337